History Quiz

Random History or City Quiz

Dem/Rep National Convention Cities (Map) Quiz Stats

 Plays Quiz not verified by Sporcle

Challenge
Share
Tweet
Score 0/24 Timer 03:00
0 Plays Today
% Correct
Los Angeles
98.1%
San Francisco
97.4%
New York
97.2%
Houston
97.2%
Miami Beach
97.2%
Boston
97.2%
Chicago
97%
Dallas
97%
Philadelphia
95.6%
New Orleans
95.6%
Detroit
95.3%
Denver
95.3%
% Correct
Atlanta
95.3%
San Diego
95.1%
Minneapolis-St. Paul
94.6%
St. Louis
93.7%
Kansas City
93.7%
Tampa
93.2%
Baltimore
92.8%
Cleveland
91.8%
Cincinnati
89.7%
Charlotte
86.4%
Charleston
83.9%
Atlantic City
75%

You're not logged in!

Compare scores with friends on all Sporcle quizzes.
OR
Log In

You Might Also Like...

Show Comments

Extras

Top Quizzes Today


Score Distribution

Your Account Isn't Verified!

In order to create a playlist on Sporcle, you need to verify the email address you used during registration. Go to your Sporcle Settings to finish the process.

Report this User

Report this user for behavior that violates our Community Guidelines.

Details: